| 000 | 01222nam a2200301 a 4500 | ||
|---|---|---|---|
| 001 | ebr10442967 | ||
| 003 | CaPaEBR | ||
| 006 | m u | ||
| 007 | cr cn||||||||| | ||
| 008 | 110223s2009 enka s 001 0 eng d | ||
| 020 | _z9781847196682 | ||
| 020 | _z9781847196699 (e-book) | ||
| 040 |
_aCaPaEBR _cCaPaEBR |
||
| 035 | _a(OCoLC)560654910 | ||
| 050 | 1 | 4 |
_aTK5105.888 _b.D53 2009eb |
| 100 | 1 | _aDickinson, Jon. | |
| 245 | 1 | 0 |
_aGrails 1.1 web application development _h[electronic resource] : _breclaiming productivity for faster Java web development / _cJon Dickinson. |
| 260 |
_aBirmingham, U.K. : _bPackt Pub., _c2009. |
||
| 300 |
_aviii, 310 p. : _bill. (some col.) |
||
| 500 | _aIncludes index. | ||
| 533 |
_aElectronic reproduction. _bPalo Alto, Calif. : _cebrary, _d2011. _nAvailable via World Wide Web. _nAccess may be limited to ebrary affiliated libraries. |
||
| 650 | 0 | _aWeb site development. | |
| 650 | 0 | _aGroovy (Computer program language) | |
| 650 | 0 |
_aApplication software _xDevelopment. |
|
| 655 | 7 |
_aElectronic books. _2local |
|
| 710 | 2 | _aebrary, Inc. | |
| 856 | 4 | 0 |
_uhttp://site.ebrary.com/lib/rucke/Doc?id=10442967 _zAn electronic book accessible through the World Wide Web; click to view |
| 999 |
_c246295 _d246295 |
||